| 000 | 00471nam a2200181Ia 4500 | ||
|---|---|---|---|
| 008 | 180207s9999 xx 000 0 und d | ||
| 020 | _a9781416925200 | ||
| 050 | _bA887 2007 | ||
| 100 | _aAtwood, Jeff. | ||
| 245 | _aOur big, big God / | ||
| 245 | _cJeff Atwood ; illustrated Renee Graef. | ||
| 250 | _aFirst edition. | ||
| 260 | _aNew York : | ||
| 260 | _bLittle Simon Inspirations, | ||
| 260 | _c2007 | ||
| 300 | _aunpaged : | ||
| 300 | _bcolor illustration ; | ||
| 999 |
_c355058 _d355058 |
||